00418nam a2200181Ia 4500003000400000005001700004008004100021020001500062040000700077041000800084082001500092100001900107245002100126260004200147300001600189365001300205650001800218OSt20230429124237.0210423s2003 xx 000 0 und d a8122414516 cAL aeng a660.6 SATM aSATEESH (M K). aBiotechnology 5. aNew DelhibNew American Libraryc2003 axii,200bPB b150cINR aBiotechnology